| 000 | 00342pam a2200133 a 4500 | ||
|---|---|---|---|
| 020 | _c | ||
| 041 | _h | ||
| 082 | _a5.54 | ||
| 100 |
_aSHEPHERD (Richard) _eauthor |
||
| 245 |
_aExcel 2007 VBA Macro Programming _hTextual Document |
||
| 260 |
_bTata McGraw-Hil Publication Company Limited . Delhi _c2010 |
||
| 300 | _avii, 386 | ||
| 930 | _a3283 | ||
| 999 |
_c832389 _d832389 |
||